000 00630nam a22002057a 4500
999 _c10386
_d10386
003 AR-CdUCM
008 190401b ||||| |||| 00| 0 spa d
040 _aMUNICIPALIDAD PROVINCIAL DEL CUSCO
_cBIBLIOTECA MUNICIPAL DEL CUSCO
082 _aEP / 372.510 /
_bM61
110 _aMinisterio de educación
_97870
245 _aMatemática :
_bTexto escolar básico /
260 _aLima ;
_bMinisterio de Educación,
_c1988.
300 _a153 páginas ;
_c21 cm.
650 _aMatematicas.
_99398
650 _aPrimer grado.
_927143
650 _aConjuntos.
_927203
650 _aSuma.
_927204
942 _2ddc
_cLIBROS
945 _awfj